000 01057cam a2200217 4500
001 WB3921-14
008 030604n2003 000 0 eng u
035 _a(Sirsi) u122511
245 _aLandlords may face disability access costs
260 _c2003
490 _aDonaldsons Press Release
_v23 April 2003 (1)
520 _aDonaldsons have warned that landlords could find themselves bearing much of the expected £1.1bn cost of occupier compliance with the Disability Discrimination Act 1995, as occupiers seek to recoup the cost by seeking rent reductions from their landlords. They suggest rent review surveyors assess the potential for all leased properties urgently. http://www.donaldsons.co.uk/rcs/Reef/62248/pressoffice_pub/index.xml.
590 _aWB
650 _aDISABILITY DISCRIMINATION ACT 1995
650 _aMANAGEMENT-BUSINESS MANAGEMENT-DISCRIMINATION-DISABILITY DISCRIMINATION-ACCESSIBILITY
650 _aRENT REVIEWS
650 _aRENT REDUCTION
650 _aOCCUPIERS
690 _aPROPERTY-LANDLORD AND TENANT
942 _n0
999 _c72813
_d72813